000 00323nam a22001337a 4500
020 _a978-93-5732-061-0
082 _a894.812
_bTRI/C
100 _aJOYCE, TRISHA
245 _aCHAT GPTYUM NIRMITHA BUDDHIYUM
260 _aKOTTAYAM
_bDC BOOKS
_c2023
300 _a128
650 _aARTIFICIAL INTELLIGENCE
_zKERALA
942 _cBK
999 _c6968
_d6968